000 00636nam a2200193Ia 4500
003 GCL
008 140319s9999 xx 000 0 ara d
040 _aGCL /
_cGCL
082 0 4 _a001.42
_bع ف
100 1 _aعقيل حسين عقيل
245 1 0 _aفلسفة مناهج البحث العلمى /
_cعقيل حسين عقيل
260 _aالقاهرة :
_bمكتبة مدبولى ،
_c1999
300 _a302 ص ؛
_c24 سم
650 0 4 _aمناهج البحث
650 0 4 _aالبحث العلمى
650 0 4 _aالبحث العلمى - مناهج
650 0 4 _aالبحث العلمى - طرق البحث
942 _2ddc
_cBK
999 _c6407
_d6407